000 01474cam a22003857a 4500
003 CHAP
005 20220817043535.0
008 990527d mx a r 00110 spa d
010 _a78008
011 _a78980
035 _a89098
040 _cCHAP
082 0 4 _a581.634
_bM43
100 0 0 _aMendoza Castelán, Guillermo.
_974621
245 1 0 _aUso terapéutico de las plantas medicinales del cerro Tetzcutzingo, municipio de Texcoco
_c/por Guillermo Mendoza Castelán y José García Pérez
260 _aChapingo, Méx. :
_bUACH. Departamento de Fitotecnia,
_c199?.
300 _a180 p. :
_bilus. ; cuadros ; tablas
410 2 1 _aUACH. Departamento de Fitotecnia
490 0 _aSerie : materiales para la docencia
_v; 1
590 _aBATCH-UPD
_b10
_c20130110
_lUCH01
_h0551
590 _aBATCH-UPD
_b10
_c20130410
_lUCH01
_h0233
590 _aBATCH-UPD
_b10
_c20130914
_lUCH01
_h0737
590 _aCONVERSION
_b10
_c20130109
_lUCH01
_h1343
650 1 4 _aBotánica médica.
_914680
650 1 4 _aBotánica
_xMéxico (Edo.)
_914593
700 0 _aGarcía Pérez, José.
_946455
790 _aManual uso terapéutico
810 0 0 _aUACH. Departamento de Fitotecnia
830 0 0 _aSerie : materiales para la docencia
_v; 1
_9104572
901 _aBK
905 _aAlejandra Carrasco M.
942 _cLIBRO
949 _a581.634 M43
_bBC
_cLIBRO
_d33724002310736
_eLIBRO
_fc.2
_gDonaciØn
_h115805
_i89098
_si
949 _a581.634 M43
_bBC
_cUACH
_d33724000723953
_eUACH
_h95299
_i89098
_sb
999 _c78008
_d78008